Fútbol Argentino - Plantel River Plate 2025 - Estadísticas

Estadísticas generales
  • Esta prueba ha sido intentada 390 veces
  • La puntuación promedio es 25 de 31
Estadísticas de respuestas
Posición # Situación actual Jugador % Correcto
Arquero 01 Plantel Profesional Franco Armani
100%
Defensor 04 Plantel Profesional Gonzalo Montiel
96%
YDelantero 09 Plantel Profesional Miguel Ángel Borja
95%
YDelantero 11 Plantel Profesional Facundo Colidio
94%
Arquero 25 Plantel Profesional Jeremías Ledesma
93%
Defensor 21 Plantel Profesional Marcos Acuña
92%
Defensor 17 Plantel Profesional Paulo Díaz
92%
Mediocampista 30 Plantel Profesional Franco Mastantuono
91%
Defensor 06 Plantel Profesional Germán Pezzella
91%
ZEntrenador - Plantel Profesional Marcelo Gallardo
91%
Mediocampista 24 Plantel Profesional Enzo Pérez
90%
Defensor 28 Plantel Profesional Lucas Martínez Quarta
90%
Mediocampista 18 Plantel Profesional Gonzalo Martínez
88%
Defensor 20 Plantel Profesional Milton Casco
88%
Mediocampista 26 Plantel Profesional Ignacio Fernández
86%
YDelantero 15 Plantel Profesional Sebastián Driussi
84%
Mediocampista 10 Plantel Profesional Manuel Lanzini
83%
Defensor 16 Plantel Profesional Fabricio Bustos
80%
YDelantero 38 Plantel Profesional Ian Subiabre
78%
Defensor 14 Plantel Profesional Leandro González Pírez
75%
Mediocampista 08 Plantel Profesional Maximiliano Meza
75%
YDelantero 32 Plantel Profesional Agustín Ruberto
73%
Mediocampista 05 Plantel Profesional Matías Kranevitter
71%
Mediocampista 29 Plantel Profesional Rodrigo Aliendro
67%
Mediocampista 31 Plantel Profesional Santiago Simón
64%
Mediocampista 34 Plantel Profesional Giuliano Galoppo
63%
Defensor 02 Plantel Profesional Federico Gattoni
61%
Mediocampista 39 Plantel Profesional Santiago Lencina
60%
Mediocampista 07 Plantel Profesional Matías Rojas
58%
YDelantero 36 Plantel Profesional Pablo Solari
58%
YDelantero 19 Plantel Profesional Gonzalo Tapia
53%
No se encontraron pruebas coincidentes
Distribución de puntuación
Porcentaje de gente con cada puntuación
Porcentaje por número respondido
Historial de tus puntuaciones
No has intentado esta prueba.